000 00531nam a2200193Ia 4500
005 20250508155406.0
008 008 250505s9999 xx 000 0 hin d
037 _aBooks to be hide in OPAC
040 _aFEDL
_beng
_cFEDL
041 _ahin
_2eng
084 _a300.7, SAM/O
_qFEDL
245 0 _aAjanyanchi shushroosha
260 _aMeerut, India
_bLoyal Book Depot
300 _a354p.
490 _aSamaj shikshan prasarmala
546 _aWeeded out
942 _cHB
_h300.7, SAM/O
999 _c1356420
_d1356420